Najmniejsze państwa Europy - Statystyki

Ogólne statystyki
  • Ten quiz został rozwiązany 37 razy
  • Średni wynik to 7 z 9
Statystyki odpowiedzi
Odpowiedź % Poprawnych
0,49 km² watykan
97%
61 km² san marino
94%
2586,40 km² luksemburg
88%
316 km² malta
88%
2,08 km² monako
84%
468 km² andora
81%
10 887 km² kosowo
78%
13 812 km² czarnogóra
63%
160,5 km² lichtenstein
63%
Nie znaleziono quizów pasujących do podanych kryteriów
Rozkład punktacji
Procent ludzi z każdym wynikiem
Percentyl według liczby udzielonych odpowiedzi
Twoja historia wyników
Nie rozwiązałeś tego quizu